000 00340nam a22001217a 4500
999 _c7660
_d7660
008 190220b ||||| |||| 00| 0 eng d
020 _a9789993628422
082 _a315.498 B5759s 2018
245 _aStatistical Yearbook of Bhutan 2018
260 _aThimphu ;
_bNational Statistics Bureau,
_c2018.
300 _ax, 325 p.
_c23 cm.
942 _2ddc